MARC

LEADER 00000nam0a2200000 4500
001 275508
005 20231101234830.0
035 |a (RuTPU)RU\TPU\book\298750 
090 |a 275508 
100 |a 20141114d1984 k y0rusy50 ca 
101 0 |a rus 
102 |a RU 
105 |a a z 001zy 
200 1 |a Техника и технология добычи нефти  |e сборник научных трудов  |f Всесоюзный нефтегазовый научно-исследовательский институт (ВНИИ) ; под ред. В. И. Гусева 
210 |a Москва  |c Изд-во ВНИИ  |d 1984 
215 |a 213 с.  |c ил. 
225 1 |a Сборник научных трудов Всесоюзного нефтегазового научно-исследовательского института (ВНИИ)  |v Вып. 89 
320 |a Библиогр. в конце ст. 
606 1 |a Нефтяные скважины  |x Способы добычи  |x Эксплуатация  |x Механизированный способ  |2 stltpush  |3 (RuTPU)RU\TPU\subj\46133  |9 65318 
610 1 |a термоакустический метод 
610 1 |a тепловой метод 
610 1 |a скважины 
610 1 |a призабойные зоны 
610 1 |a оборудование 
610 1 |a паронагнетательные скважины 
610 1 |a газлифтные скважины 
610 1 |a штанговые насосы 
610 1 |a тяжелая нефть 
610 1 |a глубинные установки 
675 |a 622.276.5  |v 3 
702 1 |a Гусев  |b В. И.  |4 340 
712 0 2 |a Всесоюзный нефтегазовый научно-исследовательский институт (ВНИИ)  |c (Москва)  |c (1953-1987)  |2 stltpush  |3 (RuTPU)RU\TPU\col\11487 
801 1 |a RU  |b 63413507  |c 20141114 
801 2 |a RU  |b 63413507  |c 20151204  |g RCR 
942 |c BK